[Event "SVK-ch U14"]
[Site "Tatralandia"]
[Date "2024.04.08"]
[Round "5"]
[White "Klenko, David"]
[Black "Kriscak, Simon"]
[Result "1-0"]
[WhiteElo "1598"]
[BlackElo "1107"]
[PlyCount "69"]
[EventDate "2024.04.05"]
[EventType "swiss"]
[EventRounds "9"]
[EventCountry "SVK"]
[SourceTitle "CB16_2024"]
[SourceDate "2024.04.17"]
[SourceVersion "1"]
[SourceVersionDate "2024.04.17"]
[SourceQuality "1"]

1. e4 e5 2. Nf3 Nc6 3. Bc4 Bc5 4. d3 h6 5. 0-0 Nf6 6. Nc3 0-0 7. Be3 Nd4 8. Bxd4 Bxd4 9. Nxd4 exd4 10. Ne2 c5 11. e5 Ne8 12. f4 d6 13. Ng3 Qb6 14. Rb1 Nc7 15. Ne4 dxe5 16. fxe5 Be6 17. Nf6+ gxf6 18. Rxf6 Bxc4 19. Rxb6 axb6 20. dxc4 Rae8 21. Qg4+ Kh8 22. Re1 b5 23. Qh5 Kh7 24. Rf1 Re7 25. Qf5+ Kh8 26. Qf6+ Kg8 27. Qxe7 Ne6 28. Rf6 Ng5 29. Rxh6 Nh7 30. Rxh7 Kxh7 31. Qxf8 Kg6 32. Qe7 bxc4 33. Qf6+ Kh5 34. h4 Kg4 35. Qg5# 1-0